| 000 | 00792nam a2200193 u 4500 | ||
|---|---|---|---|
| 001 | 000266068 | ||
| 003 | AM-YeHGA | ||
| 005 | 20250618071754.0 | ||
| 008 | 030925s1955 ai r 000 0 arm d | ||
| 040 | _aAM-YeHGA | ||
| 245 | 1 | 0 |
_aԿաշտանկա : _bՊատմվածք / _cԱ. Չեխով; Թարգմ.՝ Մ. Մազմանյան; Խմբ.՝ Ս. Պայազատ; Նկ.՝ Դ. Կարդովսկի. |
| 260 |
_aԵրևան : _bՀայպետհրատ, _c1955. |
||
| 300 |
_a64 էջ : _bնկ. ; _c26 սմ. |
||
| 650 | 1 | 4 |
_aՌուս մանկական գրականություն _xՊատմվածք |
| 700 | 1 |
_aՄազմանյան, Մ. _eթարգմ. _4trl _95619 |
|
| 700 | 1 |
_aՊայազատ, Սերգո Արտաշեսի, _d1909-1971 _eխմբ. _4edt |
|
| 700 | 1 |
_aԿարդովսկի, Դ. _eնկ. _4art |
|
| 090 | _c98021 | ||
| 999 |
_c96716 _d96716 |
||